[Event "35th WCh U20 Girls"]
[Site "Tarvisio ITA"]
[Date "2017.11.21"]
[Round "8"]
[White "Nguyen, Emily"]
[Black "San Diego, Marie Antoinette"]
[Result "1/2-1/2"]
[WhiteElo "2176"]
[BlackElo "2116"]
[EventDate "2017.11.13"]
[PlyCount "81"]

1.d4 g6 2.c4 Bg7 3.Nf3 c5 4.d5 d6 5.g3 e5 6.Nc3 a6 7.Bg2 Ne7 8.O-O O-O 9.
e4 h6 10.a3 f5 11.b4 b6 12.Nd2 Nd7 13.Nb3 Rb8 14.Bd2 Nf6 15.Rb1 Bd7 16.Qc2
fxe4 17.Nxe4 Nf5 18.bxc5 bxc5 19.Qd3 Qe7 20.Na5 Nd4 21.Rxb8 Rxb8 22.Rb1 
Rxb1+ 23.Qxb1 Nxe4 24.Bxe4 Qf6 25.Kg2 Bg4 26.Qd3 Bf5 27.Nc6 Kf7 28.Nxd4 
exd4 29.f3 Bxe4 30.fxe4 g5 31.Qf3 Qxf3+ 32.Kxf3 Be5 33.h3 Kg6 34.g4 Kf6 
35.Ba5 Ke7 36.Ke2 Bf4 37.Kd3 Kd7 38.a4 Ke7 39.Be1 Kd7 40.Ba5 Ke7 41.Be1 
1/2-1/2

[Event "35th WCh U20 Girls"]
[Site "Tarvisio ITA"]
[Date "2017.11.21"]
[Round "8"]
[White "Terbe, Zsuzsanna"]
[Black "Nie Xin"]
[Result "0-1"]
[WhiteElo "2170"]
[BlackElo "2106"]
[EventDate "2017.11.13"]
[PlyCount "86"]

1.Nf3 d5 2.g3 Bg4 3.Bg2 c6 4.O-O Nd7 5.h3 Bh5 6.d4 Ngf6 7.c4 e6 8.cxd5 
exd5 9.Qb3 Qb6 10.Qe3+ Be7 11.Nh4 Bg6 12.Nc3 Ng8 13.a3 O-O-O 14.Nxg6 hxg6 
15.Qd3 f5 16.Bf4 Ngf6 17.b4 a6 18.Rfc1 Nf8 19.Na4 Qa7 20.Be5 Ne6 21.g4 
fxg4 22.hxg4 Nxg4 23.Qxg6 Nf6 24.Qf5 Kd7 25.Bh3 Rxh3 26.Qxh3 Ne4 27.Nc5+ 
Bxc5 28.bxc5 Rf8 29.f3 Ng5 30.Qg4 Nf7 31.Qg3 Rh8 32.Rab1 Rh5 33.Kf2 Rg5 
34.Qh4 Nxe5 35.dxe5 Nxc5 36.Ke1 Ne6 37.Qb4 Kc8 38.Qc3 Rg2 39.Rb2 Qf2+ 40.
Kd1 Nd4 41.Qb4 Rg1+ 42.Kd2 Qxe2+ 43.Kc3 Qe3# 0-1

[Event "35th WCh U20 Girls"]
[Site "Tarvisio ITA"]
[Date "2017.11.21"]
[Round "8"]
[White "Rozman, Monika"]
[Black "Gueci, Tea"]
[Result "1-0"]
[WhiteElo "2049"]
[BlackElo "2161"]
[EventDate "2017.11.13"]
[PlyCount "55"]

1.e4 c5 2.Nf3 e6 3.d4 cxd4 4.Nxd4 Nf6 5.Nc3 d6 6.Be3 Be7 7.g4 d5 8.e5 Nfd7
9.f4 Bh4+ 10.Kd2 Nc6 11.Bb5 Nxd4 12.Bxd4 a6 13.Bxd7+ Bxd7 14.g5 Bxg5 15.
fxg5 Qxg5+ 16.Ke1 Qh4+ 17.Bf2 Qb4 18.Rg1 Rc8 19.Bd4 Rc4 20.a3 Qe7 21.b3 
Rc7 22.Rxg7 Qh4+ 23.Rg3 Qxh2 24.Qd3 h5 25.Rd1 h4 26.Rg4 Rh5 27.Rd2 Rxe5+ 
28.Kd1 1-0

[Event "35th WCh U20 Girls"]
[Site "Tarvisio ITA"]
[Date "2017.11.21"]
[Round "8"]
[White "Ghukasian, Siranush"]
[Black "Serikbay, Assel"]
[Result "0-1"]
[WhiteElo "2207"]
[BlackElo "2135"]
[EventDate "2017.11.13"]
[PlyCount "132"]

1.e4 c5 2.Nf3 e6 3.d4 cxd4 4.Nxd4 a6 5.c4 Nf6 6.Nc3 Bb4 7.Qd3 d6 8.Nc2 
Bxc3+ 9.bxc3 Nbd7 10.Qxd6 Nxe4 11.Qd4 Nef6 12.Ba3 e5 13.Qe3 Ng4 14.Qe2 f5 
15.h3 Ngf6 16.O-O-O Ne4 17.Rd5 Qf6 18.Qe3 b6 19.f3 Nec5 20.f4 e4 21.g4 O-O
22.Rxf5 Qc6 23.Rd5 Bb7 24.f5 Qc7 25.Rd1 Ne5 26.Nd4 Rfd8 27.Kb1 b5 28.Be2 
bxc4 29.Ne6 Nxe6 30.fxe6 Nd3 31.e7 Re8 32.Rhf1 h6 33.g5 Qa5 34.Bxd3 cxd3 
35.Bb4 Qxg5 36.Qb6 Qb5 37.Qe6+ Kh8 38.Rg1 Qd5 39.Qg6 Rg8 40.Rg4 Qc6 41.Qh5
Qb5 42.Qxb5 axb5 43.a3 g5 44.Rg3 Bd5 45.Rf1 Kh7 46.Kc1 Kg6 47.Kd2 Be6 48.
h4 Bf5 49.h5+ Kf6 50.Rg2 g4 51.Bc5 Rg5 52.Rb1 Bd7 53.Rf2+ Ke6 54.Bb4 g3 
55.Rg2 Rag8 56.Rbg1 Be8 57.Re1 Ke5 58.Bc5 Rxh5 59.Bd4+ Kd5 60.Reg1 Rh2 61.
Ke3 Rxg2 62.Rxg2 h5 63.Bf6 Rg4 64.Rg1 h4 65.Bxh4 Rxh4 66.Rxg3 Ke6 0-1

[Event "35th WCh U20 Girls"]
[Site "Tarvisio ITA"]
[Date "2017.11.21"]
[Round "8"]
[White "Yuan Ye"]
[Black "Choladze, Mariami"]
[Result "0-1"]
[WhiteElo "2196"]
[BlackElo "2112"]
[EventDate "2017.11.13"]
[PlyCount "98"]

1.d4 Nf6 2.c4 e6 3.Nf3 d5 4.Nc3 Bb4 5.cxd5 exd5 6.Bg5 h6 7.Bh4 c5 8.dxc5 
Na6 9.e3 Nxc5 10.Qd4 Bxc3+ 11.Qxc3 Nce4 12.Qe5+ Kf8 13.Qd4 Qa5+ 14.b4 Qb6 
15.Qb2 a5 16.b5 Qd6 17.a3 Bd7 18.Rc1 Ke7 19.Be2 Rhc8 20.O-O Kf8 21.Ne5 Kg8
22.f3 Nc5 23.Nd3 Na4 24.Qb3 Qb6 25.Rxc8+ Rxc8 26.Bxf6 Qxe3+ 27.Rf2 gxf6 
28.Qxa4 Rc4 29.Qb3 Bf5 30.g4 a4 31.Qd1 Bg6 32.f4 Be4 33.Bf1 Rc3 34.Qa1 d4 
35.Nb4 Rxa3 36.Qd1 d3 37.Qd2 Qd4 38.Nc2 Qxf2+ 39.Kxf2 dxc2 40.g5 hxg5 41.
fxg5 Ra1 42.Qd8+ Kh7 43.Bd3 Rf1+ 44.Bxf1 c1=Q 45.Qxf6 Qc5+ 46.Kg3 Qe3+ 47.
Kg4 Bg6 48.Qa1 Qg1+ 49.Kf3 a3 0-1

[Event "35th WCh U20 Girls"]
[Site "Tarvisio ITA"]
[Date "2017.11.21"]
[Round "8"]
[White "Alijanzadeh, Mohadeseh"]
[Black "Janzelj, Lara"]
[Result "0-1"]
[WhiteElo "1930"]
[BlackElo "2192"]
[EventDate "2017.11.13"]
[PlyCount "92"]

1.e4 e5 2.Nf3 Nc6 3.Bc4 Bc5 4.d3 Nf6 5.c3 d6 6.O-O O-O 7.h3 h6 8.Re1 a5 9.
Nbd2 Be6 10.Bb3 Re8 11.Nf1 d5 12.exd5 Bxd5 13.Bc2 Qd7 14.Ng3 Rad8 15.Nh4 
Bd6 16.Nhf5 Ne7 17.Nxd6 Qxd6 18.Qe2 Ng6 19.Ne4 Qe6 20.a3 Nd7 21.b4 b5 22.
bxa5 f5 23.Ng3 Nh4 24.f3 Qg6 25.Kh2 Nf6 26.Rb1 f4 27.Ne4 Bxe4 28.dxe4 Qg3+
29.Kg1 Nxf3+ 30.Qxf3 Qxe1+ 31.Kh2 Qh4 32.Bb3+ Kh7 33.Rb2 Qe1 34.Rb1 Rd6 
35.Bc2 Qh4 36.Rxb5 Kh8 37.c4 c6 38.Rb3 Nh5 39.Qg4 Qxg4 40.hxg4 Nf6 41.Kh3 
Ra8 42.c5 Rd4 43.Bb2 Rd2 44.Bd3 Rd1 45.g3 f3 46.Kh2 Nxg4+ 0-1

[Event "35th WCh U20 Girls"]
[Site "Tarvisio ITA"]
[Date "2017.11.21"]
[Round "8"]
[White "Mahalakshmi, Muganda Kumar"]
[Black "Trippold, Denise"]
[Result "1-0"]
[WhiteElo "2191"]
[BlackElo "2104"]
[EventDate "2017.11.13"]
[PlyCount "147"]

1.Nf3 c5 2.c4 Nc6 3.Nc3 g6 4.e3 Nf6 5.d4 cxd4 6.exd4 d5 7.cxd5 Nxd5 8.Qb3 
e6 9.Be2 Bg7 10.O-O O-O 11.Rd1 Na5 12.Qa3 b6 13.Bg5 f6 14.Bd2 Nc6 15.Rac1 
Bb7 16.Nb5 Nce7 17.Re1 Qd7 18.Bb4 Nxb4 19.Qxb4 Nd5 20.Qb3 Rfe8 21.Bc4 Re7 
22.h3 Bc6 23.Nc3 Rd8 24.Bb5 Nxc3 25.Bxc6 Qxc6 26.Rxc3 Qd5 27.Qa3 Kf7 28.
Rec1 Qd6 29.Qa6 Red7 30.Rc6 Qf4 31.Re1 Re8 32.Qc4 Rde7 33.Qb3 Qf5 34.Qc4 
Qf4 35.Re3 Qf5 36.Re2 Qb1+ 37.Kh2 Qf5 38.Re1 Qf4+ 39.Kg1 Qf5 40.Qb3 Bh6 
41.Qc4 Bg7 42.Nd2 Qa5 43.b4 Qd5 44.Rexe6 Qxc4 45.Rxe7+ Kxe7 46.Rxc4 Kd6 
47.Kf1 Re7 48.Rc8 f5 49.Nf3 Re4 50.Ra8 Re7 51.a3 Kc6 52.Rc8+ Kd6 53.g3 Re4
54.Rg8 Bf6 55.Rf8 Bg7 56.Rf7 Bxd4 57.Nxd4 Rxd4 58.Rxh7 a5 59.bxa5 bxa5 60.
Rh6 Ra4 61.Rxg6+ Ke7 62.h4 Kf7 63.Rg5 Rxa3 64.h5 Ra1+ 65.Kg2 a4 66.Rxf5+ 
Kg7 67.Ra5 a3 68.g4 Kh6 69.f4 a2 70.Ra6+ Kh7 71.g5 Kg7 72.Ra7+ Kg8 73.h6 
Rb1 74.Rxa2 1-0

[Event "35th WCh U20 Girls"]
[Site "Tarvisio ITA"]
[Date "2017.11.21"]
[Round "8"]
[White "Nurgali, Nazerke"]
[Black "Ning Kaiyu"]
[Result "1/2-1/2"]
[WhiteElo "2121"]
[BlackElo "2173"]
[EventDate "2017.11.13"]
[PlyCount "94"]

1.d4 d5 2.Nf3 Nf6 3.c4 dxc4 4.e3 a6 5.Bxc4 e6 6.O-O c5 7.b3 Nc6 8.Bb2 Be7 
9.Nbd2 O-O 10.Be2 cxd4 11.Nxd4 Nxd4 12.Bxd4 Nd5 13.Bf3 Bd7 14.Nc4 Bc6 15.
a4 Bf6 16.Rc1 Rc8 17.e4 Bxd4 18.Qxd4 Nf4 19.Qe3 Ng6 20.Rfd1 Qe7 21.Na5 Ne5
22.Be2 Qb4 23.Nxc6 Rxc6 24.h3 Rfc8 25.Rxc6 Nxc6 26.f4 h6 27.Bf3 Na5 28.Rd3
b5 29.axb5 Qxb5 30.Kh2 Rb8 31.Bd1 Nb7 32.Bc2 Kf8 33.Rc3 Na5 34.Qd4 Kg8 35.
Rc5 Qb6 36.Qc3 Nb7 37.Rc8+ Rxc8 38.Qxc8+ Nd8 39.b4 Kh7 40.Bd3 Qd6 41.Qxa6 
Qxf4+ 42.Kg1 Qe3+ 43.Kh2 Qf4+ 44.Kg1 Qc1+ 45.Kh2 Nc6 46.b5 Qf4+ 47.Kh1 
Qc1+ 1/2-1/2

[Event "35th WCh U20 Girls"]
[Site "Tarvisio ITA"]
[Date "2017.11.21"]
[Round "8"]
[White "Pratyusha, Bodda"]
[Black "Petraki, Evaggelia"]
[Result "1-0"]
[WhiteElo "2152"]
[BlackElo "1854"]
[EventDate "2017.11.13"]
[PlyCount "85"]

1.c4 e5 2.Nc3 Nf6 3.Nf3 Nc6 4.e3 Be7 5.Nd5 e4 6.Nxe7 Qxe7 7.Nd4 Nxd4 8.
exd4 d5 9.b3 Bg4 10.Be2 Bxe2 11.Qxe2 O-O 12.O-O Rad8 13.Bb2 Rfe8 14.h3 g6 
15.Qe3 Nh5 16.g4 Ng7 17.Rae1 f5 18.cxd5 fxg4 19.hxg4 Qh4 20.Qg3 Qxg3+ 21.
fxg3 Rxd5 22.Rf4 c6 23.Rfxe4 Rxe4 24.Rxe4 Kf7 25.Kf2 Ne6 26.Ke3 Rg5 27.Kf3
Ra5 28.Re2 Rxa2 29.Bc3 Ra3 30.Rh2 Kg8 31.Re2 Ng5+ 32.Kf4 Nh3+ 33.Ke5 Rxb3 
34.Kf6 Kf8 35.Rh2 Ng1 36.Rxh7 Ke8 37.Ke6 Kd8 38.d5 cxd5 39.Be5 Rb6+ 40.Bd6
Rxd6+ 41.Kxd6 Ke8 42.Rxb7 Ne2 43.Re7+ 1-0

[Event "35th WCh U20 Girls"]
[Site "Tarvisio ITA"]
[Date "2017.11.21"]
[Round "8"]
[White "Lasya, Goli"]
[Black "Di Benedetto, Desiree"]
[Result "1-0"]
[WhiteElo "2087"]
[BlackElo "2190"]
[EventDate "2017.11.13"]
[PlyCount "145"]

1.e4 e6 2.d4 d5 3.Nc3 dxe4 4.Nxe4 Nf6 5.Nxf6+ Qxf6 6.Nf3 h6 7.Bd3 Bd6 8.
Qe2 Nd7 9.c3 Qe7 10.Ne5 a6 11.Nc4 Nf6 12.Bd2 Bd7 13.Ne5 Bxe5 14.dxe5 Nd5 
15.a3 Bc6 16.Be4 Qd7 17.Rd1 Ba4 18.Rc1 O-O-O 19.c4 Ne7 20.Bc3 Bc6 21.O-O 
Bxe4 22.Qxe4 Nf5 23.c5 Qd3 24.Qa4 Nd4 25.Bxd4 Rxd4 26.b4 c6 27.Rcd1 Qe4 
28.Rfe1 Qd5 29.Rxd4 Qxd4 30.Qc2 Rd8 31.g3 g6 32.Qc1 h5 33.h4 Rd7 34.Qe3 
Qd5 35.Qf4 Kc7 36.Qe3 Qc4 37.Rc1 Qd3 38.Qf4 Qxa3 39.Rc4 Qd3 40.Kh2 Qd5 41.
Re4 Kb8 42.Qe3 Qd1 43.Rf4 Ka7 44.Kg2 Rd3 45.Qe4 Rd7 46.Qe3 Qd5+ 47.Kh2 Kb8
48.Qc3 Kc8 49.Qe3 Kd8 50.Rf6 Re7 51.Qg5 Ke8 52.Rf4 Qd7 53.Qf6 Kd8 54.Qh8+ 
Re8 55.Qg7 Re7 56.Qf8+ Qe8 57.Rd4+ Kc7 58.Qh6 Rd7 59.Rd6 Rxd6 60.cxd6+ Kd7
61.Qe3 Qb8 62.Qb6 Ke8 63.Kg2 Kd7 64.Kf1 Ke8 65.Ke2 Kd7 66.Ke3 Ke8 67.f3 f6
68.Qc7 Qd8 69.Qxb7 fxe5 70.Qxc6+ Qd7 71.Qxa6 Kf7 72.Qb6 Kf6 73.Qc7 1-0

[Event "35th WCh U20 Girls"]
[Site "Tarvisio ITA"]
[Date "2017.11.21"]
[Round "8"]
[White "Andolfatto, Maria"]
[Black "Kiolbasa, Oliwia"]
[Result "1/2-1/2"]
[WhiteElo "1970"]
[BlackElo "2206"]
[EventDate "2017.11.13"]
[PlyCount "60"]

1.Nf3 Nf6 2.c4 c6 3.g3 d5 4.Bg2 g6 5.cxd5 cxd5 6.d4 Bg7 7.Nc3 O-O 8.Ne5 
Nbd7 9.O-O Nxe5 10.dxe5 Ng4 11.Nxd5 Nxe5 12.Bg5 Nc6 13.Qd2 f6 14.Be3 e6 
15.Nb4 Qxd2 16.Bxd2 Nxb4 17.Bxb4 Rf7 18.Rfd1 Bd7 19.Rac1 Be8 20.Rc2 f5 21.
b3 Bf6 22.e4 Kg7 23.f4 Rd8 24.Rcd2 Rxd2 25.Rxd2 Rc7 26.e5 Be7 27.Bxe7 Rxe7
28.Rc2 Kf7 29.Kf2 Rd7 30.Bf1 Re7 1/2-1/2

[Event "35th WCh U20 Girls"]
[Site "Tarvisio ITA"]
[Date "2017.11.21"]
[Round "8"]
[White "Lahav, Michal"]
[Black "Stashis, Anna"]
[Result "1/2-1/2"]
[WhiteElo "2148"]
[BlackElo "1907"]
[EventDate "2017.11.13"]
[PlyCount "61"]

1.Nf3 f5 2.g3 Nf6 3.Bg2 g6 4.O-O Bg7 5.c4 O-O 6.Nc3 d6 7.d4 Qe8 8.Nb5 Na6 
9.d5 e5 10.dxe6 Bxe6 11.b3 Ne4 12.Rb1 Bd7 13.Ng5 Bxb5 14.Nxe4 Bc6 15.Ng5 
Bxg2 16.Kxg2 h6 17.Nf3 Nc5 18.Bb2 Qf7 19.Bxg7 Kxg7 20.Qd4+ Kh7 21.Rbd1 
Rae8 22.e3 Qf6 23.Qxf6 Rxf6 24.Nd4 c6 25.Ne2 a5 26.Nc3 Ne4 27.Nxe4 fxe4 
28.Rd2 Kg7 29.Rfd1 Ref8 30.Rb2 Kf7 31.Rd4 1/2-1/2

[Event "35th WCh U20 Girls"]
[Site "Tarvisio ITA"]
[Date "2017.11.21"]
[Round "8"]
[White "Altantuya, Boldbaatar"]
[Black "Hincu, Olga"]
[Result "0-1"]
[WhiteElo "1948"]
[BlackElo "2118"]
[EventDate "2017.11.13"]
[PlyCount "92"]

1.d4 d5 2.Nf3 Nf6 3.Bf4 c5 4.c3 Qb6 5.Qb3 c4 6.Qxb6 axb6 7.Na3 Bd7 8.Nc2 
Nc6 9.g3 b5 10.Bg2 Bf5 11.Ne3 Be4 12.O-O b4 13.Ne5 Bxg2 14.Kxg2 bxc3 15.
bxc3 Na5 16.N5g4 e6 17.Nxf6+ gxf6 18.Rab1 Kd7 19.Ng4 Be7 20.f3 h5 21.Nf2 
Kc6 22.e4 b5 23.exd5+ exd5 24.Nd1 Nb7 25.Rf2 Bd6 26.Rfb2 Bxf4 27.Rxb5 
Rxa2+ 28.Nf2 Na5 29.Rc5+ Kd7 30.gxf4 Nb3 31.Rxd5+ Kc6 32.Rf5 Rg8+ 33.Kh1 
Rxf2 34.Rxf6+ Kd7 35.Rxf7+ Ke6 36.Rh7 Rxf3 37.Re1+ Kf6 38.Rxh5 Rxc3 39.d5 
Rc1 40.Rxc1 Nxc1 41.Rh6+ Kf5 42.h4 c3 43.Rc6 Ne2 44.Kh2 Kxf4 45.d6 Kf3 46.
h5 Rg2+ 0-1

[Event "35th WCh U20 Girls"]
[Site "Tarvisio ITA"]
[Date "2017.11.21"]
[Round "8"]
[White "Barbosa, Larissa Ichimura"]
[Black "Salonika, Saina"]
[Result "0-1"]
[WhiteElo "1913"]
[BlackElo "2025"]
[EventDate "2017.11.13"]
[PlyCount "88"]

1.e4 c5 2.Nf3 d6 3.d4 cxd4 4.Nxd4 Nf6 5.Nc3 a6 6.Be2 e5 7.Nb3 Be7 8.O-O 
O-O 9.Be3 Be6 10.Qd2 Nbd7 11.a4 b6 12.Rfd1 Qc7 13.Rac1 Rfd8 14.Bf3 Rac8 
15.Bg5 h6 16.Bh4 Nf8 17.Bg3 Ng6 18.h4 Ne8 19.h5 Bg5 20.Qe1 Bxc1 21.Rxc1 
Ne7 22.Bh4 f6 23.Nd5 Nxd5 24.exd5 Bf5 25.c4 Qd7 26.Qb4 Bg4 27.Nd2 Bxf3 28.
Nxf3 b5 29.axb5 axb5 30.b3 bxc4 31.bxc4 Qg4 32.Bg3 Rc7 33.Nd2 Rdc8 34.Re1 
f5 35.Bxe5 dxe5 36.Rxe5 Qd1+ 37.Kh2 Qxh5+ 38.Kg1 Nf6 39.f3 Re8 40.d6 Ra7 
41.Rxe8+ Qxe8 42.c5 Ra1+ 43.Kh2 Qe5+ 44.f4 Ng4+ 0-1

[Event "35th WCh U20 Girls"]
[Site "Tarvisio ITA"]
[Date "2017.11.21"]
[Round "8"]
[White "Bidhar, Rutumbara"]
[Black "Srdanovic, Jovana"]
[Result "1-0"]
[WhiteElo "1904"]
[BlackElo "2015"]
[EventDate "2017.11.13"]
[PlyCount "77"]

1.d4 d5 2.c4 c6 3.Nc3 Nf6 4.Nf3 dxc4 5.a4 Bf5 6.e3 e6 7.Bxc4 Bb4 8.O-O O-O
9.Qe2 Re8 10.Ne5 Nbd7 11.Nxd7 Qxd7 12.Rd1 Qc7 13.f3 e5 14.dxe5 Rxe5 15.e4 
Ree8 16.Be3 Be6 17.Bd3 Bb3 18.Rdc1 Qa5 19.Nb1 Qh5 20.Nd2 Be6 21.Nc4 Bxc4 
22.Rxc4 Bd6 23.g4 Qa5 24.f4 Bf8 25.g5 Nd7 26.Rac1 g6 27.h4 Bg7 28.e5 Qc7 
29.Re4 Nf8 30.b4 Qd7 31.Kg2 Ne6 32.Bc4 a6 33.a5 Qe7 34.Bb6 Bf8 35.Rd1 Rec8
36.Rd6 Ng7 37.Qd2 Qe8 38.e6 Nxe6 39.Rdxe6 1-0

[Event "35th WCh U20 Girls"]
[Site "Tarvisio ITA"]
[Date "2017.11.21"]
[Round "8"]
[White "Silva, Mariana Sofia"]
[Black "Auvray, Honorine"]
[Result "0-1"]
[WhiteElo "1883"]
[BlackElo "1987"]
[EventDate "2017.11.13"]
[PlyCount "66"]

1.e4 c5 2.Nf3 Nc6 3.Bb5 Qb6 4.Nc3 e6 5.O-O Nd4 6.Bc4 Ne7 7.a4 a6 8.d3 Ng6 
9.a5 Qc7 10.Nxd4 cxd4 11.Ne2 Bc5 12.f4 O-O 13.Ng3 b5 14.axb6 Qxb6 15.Bb3 
f6 16.Qg4 Kh8 17.Nh5 f5 18.exf5 exf5 19.Qf3 Rb8 20.Re1 Ne7 21.Qe2 Bb7 22.
Qe5 Qg6 23.Ng3 Qc6 24.Qe2 Ng6 25.Ba4 Qd5 26.Bb3 Qd6 27.Rf1 Rbe8 28.Qf2 Nh4
29.Ne4 fxe4 30.Qxh4 e3 31.Bc4 Rf6 32.Qh5 Rg6 33.Re1 Rxg2+ 0-1

[Event "35th WCh U20 Girls"]
[Site "Tarvisio ITA"]
[Date "2017.11.21"]
[Round "8"]
[White "Fernandez Rivero, Karla July"]
[Black "Cramling-Bellon, Anna"]
[Result "1/2-1/2"]
[WhiteElo "1986"]
[BlackElo "1943"]
[EventDate "2017.11.13"]
[PlyCount "63"]

1.d4 d5 2.c4 e6 3.Nf3 a6 4.g3 dxc4 5.Bg2 b5 6.Ne5 c6 7.O-O Bb7 8.a4 Nf6 9.
Nc3 Nd5 10.Ne4 Be7 11.b3 c3 12.Qc2 b4 13.a5 O-O 14.Nc5 Bxc5 15.dxc5 Nd7 
16.Nd3 Qe7 17.e4 Nc7 18.Be3 Nb5 19.Ra4 e5 20.Rxb4 Rfd8 21.f4 exf4 22.gxf4 
f5 23.Re1 Nf6 24.exf5 Ng4 25.Bf2 Qd7 26.Be4 Nf6 27.Bh4 Nxe4 28.Rbxe4 Re8 
29.Be7 Qxf5 30.Qg2 Qg6 31.Qg5 Rxe7 32.Rxe7 1/2-1/2

[Event "35th WCh U20 Girls"]
[Site "Tarvisio ITA"]
[Date "2017.11.21"]
[Round "8"]
[White "Samudin, Elina"]
[Black "Gomez Barrera, Javiera Belen"]
[Result "0-1"]
[WhiteElo "1806"]
[BlackElo "1972"]
[EventDate "2017.11.13"]
[PlyCount "48"]

1.d4 Nf6 2.c4 e6 3.Nc3 Bb4 4.Qc2 Nc6 5.e3 d6 6.Bd3 O-O 7.Ne2 e5 8.d5 Nb8 
9.O-O Qe7 10.a3 Bxc3 11.Nxc3 a5 12.Bd2 Na6 13.Ne4 Nxe4 14.Bxe4 f5 15.Bf3 
Nc5 16.b4 Ne4 17.Bxe4 fxe4 18.c5 Bf5 19.cxd6 cxd6 20.bxa5 Qg5 21.Bb4 Rac8 
22.Qe2 Bg4 23.Qd2 Bf3 24.g3 Qg4 0-1

[Event "35th WCh U20 Girls"]
[Site "Tarvisio ITA"]
[Date "2017.11.21"]
[Round "8"]
[White "Sibajeva, Marija"]
[Black "Koo Wei Xin, Rosamund"]
[Result "1/2-1/2"]
[WhiteElo "2016"]
[BlackElo "1900"]
[EventDate "2017.11.13"]
[PlyCount "113"]

1.e4 c5 2.Nf3 Nc6 3.Nc3 g6 4.Bb5 Nd4 5.Nxd4 cxd4 6.Ne2 Bg7 7.c3 Qb6 8.Qb3 
dxc3 9.dxc3 Nf6 10.Be3 Qc7 11.f3 O-O 12.O-O d6 13.Nf4 e5 14.Nd5 Nxd5 15.
Qxd5 Be6 16.Qd2 Rad8 17.Qf2 b6 18.c4 f5 19.Qe2 f4 20.Bf2 g5 21.Rfc1 Bf6 
22.Kh1 Be7 23.a4 a5 24.Be1 h5 25.b4 g4 26.bxa5 bxa5 27.Rab1 Ra8 28.Bf2 Kh7
29.Qe1 gxf3 30.gxf3 Rg8 31.Bh4 Bh3 32.Rc2 Rg7 33.Bxe7 Qxe7 34.Bc6 Qg5 35.
Qg1 Qxg1+ 36.Rxg1 Rxg1+ 37.Kxg1 Rg8+ 38.Kh1 Rb8 39.Bb5 Kg7 40.Rd2 Rb6 41.
Rc2 Kf6 42.Rc1 h4 43.Rg1 Be6 44.Rd1 h3 45.Kg1 Ke7 46.Kf2 Rb8 47.Rg1 Rg8 
48.Rxg8 Bxg8 49.Ke2 Kd8 50.Kd3 Kc7 51.Be8 Be6 52.Kc3 Bd7 53.Bxd7 Kxd7 54.
Kb3 Kc7 55.Kb2 Kb6 56.Kc2 Kc6 57.Kb2 1/2-1/2

[Event "35th WCh U20 Girls"]
[Site "Tarvisio ITA"]
[Date "2017.11.21"]
[Round "8"]
[White "Li Zhuoling"]
[Black "Shepherd, Katherine"]
[Result "1-0"]
[WhiteElo "2006"]
[BlackElo "1918"]
[EventDate "2017.11.13"]
[PlyCount "149"]

1.e4 e6 2.d4 d5 3.Nd2 Be7 4.Ngf3 c5 5.exd5 exd5 6.Bb5+ Nc6 7.O-O Nf6 8.
dxc5 O-O 9.h3 Bxc5 10.Nb3 Bb6 11.Bg5 a6 12.Bd3 h6 13.Bh4 g5 14.Bg3 Ne4 15.
Bxe4 dxe4 16.Ne5 Nxe5 17.Bxe5 Re8 18.Qxd8 Rxd8 19.Rad1 Bf5 20.Bd4 Bxd4 21.
Nxd4 Bg6 22.g4 Rd5 23.Nf5 Rxd1 24.Ne7+ Kg7 25.Rxd1 e3 26.Nxg6 exf2+ 27.
Kxf2 Kxg6 28.Rd7 Rh8 29.c3 Kf6 30.Rd6+ Kg7 31.Rb6 f6 32.c4 Kg6 33.c5 Rc8 
34.b4 a5 35.a3 axb4 36.axb4 Rc7 37.Ke3 Rd7 38.Ke4 h5 39.gxh5+ Kxh5 40.Rxf6
g4 41.hxg4+ Kxg4 42.Rg6+ Kh5 43.Rd6 Re7+ 44.Kd5 Kg5 45.c6 Kf5 46.cxb7 Rxb7
47.Kc5 Ke5 48.Rd1 Rc7+ 49.Kb6 Rc2 50.b5 Ke6 51.Kb7 Ke7 52.b6 Rb2 53.Kc7 
Rc2+ 54.Kb8 Rc3 55.b7 Ke6 56.Ra1 Kd7 57.Ka8 Rc6 58.b8=N+ Kc7 59.Nxc6 Kb6 
60.Rh1 Kc5 61.Kb7 Kc4 62.Kb6 Kd5 63.Rd1+ Ke4 64.Kc5 Kf3 65.Re1 Kf2 66.Re8 
Kf3 67.Kd4 Kf4 68.Rf8+ Kg5 69.Ke4 Kg6 70.Ne7+ Kg7 71.Rf1 Kh7 72.Rg1 Kh6 
73.Kf5 Kh7 74.Kf6 Kh8 75.Rh1# 1-0

[Event "35th WCh U20 Girls"]
[Site "Tarvisio ITA"]
[Date "2017.11.21"]
[Round "8"]
[White "Cui, Cynthia"]
[Black "Figueroa Bernal, Julia Dennis"]
[Result "1/2-1/2"]
[WhiteElo "1553"]
[BlackElo "1690"]
[EventDate "2017.11.13"]
[PlyCount "75"]

1.c4 e5 2.g3 Nf6 3.Bg2 Nc6 4.Nc3 Bc5 5.Nf3 O-O 6.O-O a6 7.d3 h6 8.a3 d6 9.
b4 Ba7 10.b5 axb5 11.Nxb5 Bb6 12.Bb2 Ne7 13.Qb3 Bg4 14.Nc3 Nf5 15.e3 c6 
16.h3 Bxf3 17.Bxf3 Nd7 18.Ne4 Nc5 19.Nxc5 Bxc5 20.Bc3 Rb8 21.Bb4 Ba7 22.
Rfd1 Qg5 23.Bg2 Qf6 24.Re1 Rfd8 25.Ba5 Rdc8 26.Bb6 Bxb6 27.Qxb6 Qd8 28.
Reb1 Ne7 29.Rb3 Qxb6 30.Rxb6 d5 31.cxd5 Nxd5 32.Rb3 Kf8 33.Rab1 Rc7 34.
Bxd5 cxd5 35.Rb5 Rc3 36.Rxd5 Rxa3 37.Rdb5 Rxd3 38.Rxb7 1/2-1/2

[Event "35th WCh U20 Girls"]
[Site "Tarvisio ITA"]
[Date "2017.11.21"]
[Round "8"]
[White "Vernet, Solene"]
[Black "Magpily, Francois Marie"]
[Result "1/2-1/2"]
[WhiteElo "1862"]
[BlackElo "1836"]
[EventDate "2017.11.13"]
[PlyCount "90"]

1.d4 Nf6 2.c4 g6 3.Nf3 Bg7 4.g3 O-O 5.Bg2 d6 6.O-O Nc6 7.Nc3 a6 8.b3 Bf5 
9.Bb2 Ne4 10.e3 e5 11.Nh4 Nxc3 12.Bxc3 Bd7 13.dxe5 dxe5 14.Qc2 Qe7 15.Rad1
Rfe8 16.Rd2 Rad8 17.Rfd1 Bg4 18.Rxd8 Nxd8 19.Rd2 Bf6 20.Nf3 e4 21.Nd4 c5 
22.Ne2 Bxe2 23.Rxe2 Bxc3 24.Qxc3 Nc6 25.Rd2 f5 26.Rd5 Nb4 27.Rd2 Kf7 28.a3
Nc6 29.Kf1 Qf6 30.Rd7+ Re7 31.Qd2 Rxd7 32.Qxd7+ Qe7 33.Qd5+ Kf6 34.f3 exf3
35.Bxf3 Qe5 36.Qd7 Ne7 37.Bxb7 Qxe3 38.Qd6+ Kf7 39.Bxa6 Qf3+ 40.Kg1 Qe3+ 
41.Kf1 Qc1+ 42.Kg2 Qxa3 43.Bb5 Qb2+ 44.Kg1 Qb1+ 45.Kg2 Qb2+ 1/2-1/2

[Event "35th WCh U20 Girls"]
[Site "Tarvisio ITA"]
[Date "2017.11.21"]
[Round "8"]
[White "Koljevic, Nikolina"]
[Black "Vangsgard, Freja"]
[Result "0-1"]
[WhiteElo "1837"]
[BlackElo "2035"]
[EventDate "2017.11.13"]
[PlyCount "70"]

1.e4 c6 2.d4 d5 3.e5 Bf5 4.h4 h5 5.c4 e6 6.Nc3 Ne7 7.Bg5 dxc4 8.Bxc4 Nd7 
9.Nge2 f6 10.exf6 gxf6 11.Be3 Nb6 12.Bd3 Qd7 13.Ng3 Bxd3 14.Qxd3 O-O-O 15.
O-O-O Ned5 16.Kb1 Nb4 17.Qe2 Qh7+ 18.Kc1 N6d5 19.Nge4 Nxa2+ 20.Nxa2 Qxe4 
21.Rhe1 Nxe3 22.fxe3 Qxh4 23.Nc3 Bh6 24.Kc2 Rhg8 25.b4 Qg5 26.Rd2 Qf5+ 27.
Kb2 Rg3 28.Rd3 Rxg2 29.Qxg2 Qxd3 30.d5 cxd5 31.Qh3 Kb8 32.Qh2+ Ka8 33.Qc7 
Rb8 34.Ra1 Bxe3 35.Ra3 Bd4 0-1

[Event "35th WCh U20 Girls"]
[Site "Tarvisio ITA"]
[Date "2017.11.21"]
[Round "8"]
[White "Zairbek Kyzy, Begimay"]
[Black "Louka, Magdalini"]
[Result "1-0"]
[WhiteElo "1599"]
[BlackElo "1955"]
[EventDate "2017.11.13"]
[PlyCount "53"]

1.e4 c5 2.d4 cxd4 3.c3 dxc3 4.Nxc3 Nc6 5.Bc4 Nf6 6.Nf3 a6 7.O-O b5 8.Bb3 
Qc7 9.Qe2 d6 10.Bg5 e6 11.Rac1 Qd7 12.Rfd1 h6 13.Bh4 Nh5 14.e5 d5 15.Nxd5 
exd5 16.Bxd5 Nf4 17.Qe4 Nxd5 18.Rxd5 Qb7 19.Rxc6 Bf5 20.Qxf5 Qxc6 21.Rd1 
Qe6 22.Qe4 Rc8 23.Nd4 Qc4 24.e6 Bc5 25.exf7+ Kxf7 26.Qf5+ Kg8 27.Qxc8+ 1-0

[Event "35th WCh U20 Girls"]
[Site "Tarvisio ITA"]
[Date "2017.11.21"]
[Round "8"]
[White "February, Jesse Nikki"]
[Black "Caxita, Esperanca"]
[Result "1-0"]
[WhiteElo "1874"]
[BlackElo "1865"]
[EventDate "2017.11.13"]
[PlyCount "39"]

1.e4 d5 2.exd5 Qxd5 3.Nc3 Qd6 4.d4 Nf6 5.Nf3 c6 6.Ne5 Nbd7 7.Bf4 Qb4 8.Qd2
Nxe5 9.dxe5 Ne4 10.Nxe4 Qxe4+ 11.Be2 Qxg2 12.O-O-O Be6 13.f3 g6 14.h4 Qf2 
15.Be3 Qg3 16.Rdg1 Qxe5 17.Bd4 Qd5 18.c4 Qh5 19.f4 Qf5 20.Bg4 1-0

[Event "35th WCh U20 Girls"]
[Site "Tarvisio ITA"]
[Date "2017.11.21"]
[Round "8"]
[White "Greibrokk, Ingrid"]
[Black "Vanduyfhuys, Daria"]
[Result "0-1"]
[WhiteElo "1868"]
[BlackElo "1755"]
[EventDate "2017.11.13"]
[PlyCount "90"]

1.c4 g6 2.g3 Bg7 3.Bg2 e5 4.Nc3 d6 5.e3 f5 6.d4 Nc6 7.dxe5 Nxe5 8.Nge2 Nf6
9.O-O O-O 10.b3 Kh8 11.Bb2 Bd7 12.Bxb7 Rb8 13.Bg2 Nxc4 14.bxc4 Rxb2 15.Rb1
Rb6 16.Nd4 Qe7 17.Rxb6 axb6 18.Nd5 Nxd5 19.cxd5 Ra8 20.Qd2 Kg8 21.Rc1 Bxd4
22.Qxd4 Bb5 23.Qb2 Ra5 24.Bf3 Be8 25.h4 Bf7 26.Qb3 Rc5 27.Rxc5 dxc5 28.Be2
Qe4 29.Bc4 Kf8 30.Kh2 c6 31.f3 Qxf3 32.dxc6 Bxc4 33.Qxc4 Qxc6 34.Qc3 h5 
35.Qh8+ Kf7 36.Qh7+ Kf6 37.Qh8+ Ke6 38.Qg7 Kd5 39.Qf7+ Qe6 40.Qb7+ Kc4 41.
Qa6+ Kb4 42.a3+ Kc3 43.Qb5 c4 44.Qb4+ Kc2 45.Qe1 c3 0-1

[Event "35th WCh U20 Girls"]
[Site "Tarvisio ITA"]
[Date "2017.11.21"]
[Round "8"]
[White "Ganzova, Veronika"]
[Black "Jayaweera, Sayuni Gihansa"]
[Result "0-1"]
[WhiteElo "1633"]
[BlackElo "1745"]
[EventDate "2017.11.13"]
[PlyCount "114"]

1.e4 c5 2.Nf3 g6 3.d4 cxd4 4.Nxd4 Nc6 5.Be3 Nf6 6.Nc3 Bg7 7.Be2 O-O 8.Qd2 
d5 9.exd5 Nxd5 10.Nxd5 Qxd5 11.Bf3 Qd6 12.Nxc6 Qxd2+ 13.Bxd2 bxc6 14.O-O 
Rb8 15.Bc3 Bxc3 16.bxc3 Bf5 17.Rfe1 e6 18.Re2 g5 19.Bxc6 Rfc8 20.Ba4 Rxc3 
21.Bb3 Rbc8 22.Rc1 Kg7 23.f3 a5 24.Kf2 Ra8 25.Re3 Rxe3 26.Kxe3 a4 27.Bc4 
Rb8 28.Bd3 Rb2 29.Ra1 a3 30.Kd4 e5+ 31.Ke3 Be6 32.Kd2 h6 33.g3 Kf6 34.Be4 
Rxa2 35.Rb1 Rb2 36.Rxb2 axb2 37.c4 Bxc4 38.Kc2 b1=Q+ 39.Kxb1 Ke6 40.Kb2 f5
41.Bc2 Be2 42.Bb3+ Kd6 43.Bc2 f4 44.gxf4 exf4 45.Be4 Ke5 46.Kc3 Ba6 47.Bc6
Bf1 48.Bb7 Bg2 49.Kd3 g4 50.Ke2 gxf3+ 51.Kf2 Kf6 52.Bc6 Kg5 53.Bd7 Kh4 54.
h3 h5 55.Bc6 Kxh3 56.Bd7+ Kh4 57.Be6 Kg5 0-1